Catalog

Record Details

Catalog Search



The book of Ecclesiastes : with a new translation Cover Image Book Book

The book of Ecclesiastes : with a new translation by Samuel Cox

Cox, Samuel (Author).

Record details

  • Physical Description: xvi + 335 p.
  • Publisher: New York Hodder and Stoughton /19--?/

Available copies

  • 1 of 1 copy available at Common Catalog SPOK.

Holds

  • 0 current holds with 1 total copy.
Show Only Available Copies
Location Call Number / Copy Notes Barcode Shelving Location Status Due Date
ETS Library 223.8077 424470000309 Volný výběr Available -

LDR 00637nam a2 00229
00143039
003CZ-PrJAB
00520040309000000.0
008020121s1800 xxu e |||| |eng
009us
035 . ‡a(CONS)979
035 . ‡aKPS577
041 . ‡aeng
08214. ‡a223.8077
100 . ‡74651 ‡aCox, Samuel
245 . ‡aThe book of Ecclesiastes : ‡bwith a new translation ‡cby Samuel Cox
260 . ‡aNew York ‡bHodder and Stoughton ‡c/19--?/
300 . ‡axvi + 335 p.
490 . ‡aThe Expositor's Bible
653 . ‡aThe book of Ecclesiastes
8524 . ‡bETS ‡bETS ‡cVolný výběr ‡j223.8077 ‡gA ‡p424470000309
910 . ‡aABG450
999 . ‡a979 ‡bAUTOGEN ‡c979 ‡tbiblio
905 . ‡uadmin
901 . ‡a43039 ‡b ‡c43039 ‡tbiblio ‡sets

Additional Resources